[Event "Kiel Cup U20"]
[Site "Kiel"]
[Date "2012.10.06"]
[Round "6"]
[White "Kirn, Niklas Johann"]
[Black "Giede, Anna Blume"]
[Result "1-0"]
[WhiteElo "1516"]
[BlackElo "1445"]
[PlyCount "163"]
[EventDate "2012.10.??"]
[EventType "swiss"]
[EventRounds "7"]
[EventCountry "GER"]
[SourceTitle "EXT 2015"]
[Source "ChessBase"]
[SourceDate "2014.11.20"]
[SourceVersion "1"]
[SourceVersionDate "2014.11.20"]
[SourceQuality "1"]

1. e4 d5 2. exd5 Nf6 3. Nc3 Nxd5 4. Bc4 Nb6 5. Bb3 Nc6 6. Nf3 Bg4 7. Bxf7+ Kxf7 8. Ng5+ Ke8 9. Qxg4 Qd4 10. Qe2 Qe5 11. Qxe5 Nxe5 12. 0-0 h6 13. Nge4 Nc6 14. Nb5 Kd8 15. c3 e5 16. b3 a6 17. Na3 Be7 18. Nc2 Rf8 19. Ne3 h5 20. Ng3 g6 21. a4 a5 22. Nc2 Bc5 23. Ba3 Bxa3 24. Nxa3 Kd7 25. Ne4 Ne7 26. Rae1 Nc6 27. Nc5+ Kc8 28. Nb5 Rd8 29. Rd1 Re8 30. Rfe1 Rd8 31. Ne6 Rd7 32. Re3 Nd5 33. Rg3 Nce7 34. Nf8 Nf4 35. Nxd7 Ne2+ 36. Kf1 Nxg3+ 37. hxg3 Kxd7 38. Re1 Nc6 39. Na3 Re8 40. Nc4 b6 41. f3 Re6 42. Kf2 Ke7 43. Re4 Kf6 44. g4 h4 45. Ne3 Ne7 46. c4 c6 47. Nc2 Nc8 48. d4 Nd6 49. dxe5+ Rxe5 50. Rxe5 Kxe5 51. Ke3 c5 52. f4+ Kf6 53. Ne1 g5 54. Nf3 Nf7 55. fxg5+ Nxg5 56. Nxg5 Kxg5 57. Kf3 Kf6 58. Kf4 Kg6 59. g5 Kh5 60. Kf5 h3 61. gxh3 Kh4 62. g6 Kxh3 63. g7 Kg3 64. g8Q+ Kf3 65. Qg4+ Ke3 66. Qe4+ Kd2 67. Kf4 Kc3 68. Qc6 Kxb3 69. Qxb6+ Kxc4 70. Qb5+ Kd4 71. Qxa5 Kd5 72. Qc3 Kc6 73. a5 Kb5 74. a6 Kxa6 75. Qxc5 Kb7 76. Qc2 Kb6 77. Ke5 Kb5 78. Kd5 Kb6 79. Qc6+ Ka5 80. Qb7 Ka4 81. Kc4 Ka5 82. Qb5# 1-0

[Event "Kiel Cup U20"]
[Site "Kiel"]
[Date "2012.10.05"]
[Round "3"]
[White "Gutschenreiter, Dorian"]
[Black "Kirn, Niklas Johann"]
[Result "1/2-1/2"]
[WhiteElo "1559"]
[BlackElo "1516"]
[PlyCount "21"]
[EventDate "2012.10.??"]
[EventType "swiss"]
[EventRounds "7"]
[EventCountry "GER"]
[SourceTitle "EXT 2015"]
[Source "ChessBase"]
[SourceDate "2014.11.20"]
[SourceVersion "1"]
[SourceVersionDate "2014.11.20"]
[SourceQuality "1"]

1. e4 Nf6 2. Nc3 d5 3. exd5 Nxd5 4. Bc4 Nb6 5. Bb3 Nc6 6. Nf3 Bf5 7. a4 a5 8. 0-0 e6 9. Re1 Bb4 10. Ne4 0-0 11. Ng3 1/2-1/2

[Event "GER-ch U10"]
[Site "Oberhof"]
[Date "2010.05.26"]
[Round "7"]
[White "Kirn, Niklas Johann"]
[Black "Lederer, Leia"]
[Result "1-0"]
[WhiteElo "1188"]
[BlackElo "971"]
[PlyCount "119"]
[EventDate "2010.05.22"]
[EventType "swiss"]
[EventRounds "11"]
[EventCountry "GER"]
[SourceTitle "CBM 136 Extra"]
[Source "ChessBase"]
[SourceDate "2010.07.02"]
[SourceVersion "2"]
[SourceVersionDate "2010.07.15"]
[SourceQuality "1"]

1. e4 c5 2. Nf3 d6 3. d4 cxd4 4. Nxd4 Nf6 5. Nc3 g6 6. Bc4 Bg7 7. Be3 0-0 8. Bd3 e5 9. Nf3 Nc6 10. Qd2 Be6 11. Bb5 a6 12. Ba4 b5 13. Bb3 b4 14. Nd5 Nxe4 15. Qd3 Bf5 16. Qc4 Rc8 17. Qxa6 Be6 18. 0-0 g5 19. Qd3 Bf5 20. Nxg5 Bh6 21. Nxe4 Bxe4 22. Qxe4 Bxe3 23. Qxe3 Nd4 24. Nxb4 Qf6 25. Nd5 Qh4 26. c3 Nf5 27. Qf3 Nh6 28. Qg3+ Qxg3 29. fxg3 Rc5 30. Rf6 Ng4 31. Rxd6 e4 32. h3 Ne5 33. Ne7+ Kg7 34. Nf5+ Kg8 35. Bc2 Re8 36. Bxe4 Nc4 37. Rc6 Rxc6 38. Bxc6 Na5 39. Bxe8 Kf8 40. Bb5 Nb7 41. b4 Nd8 42. Re1 Ne6 43. a4 Kg8 44. a5 h5 45. Rxe6 fxe6 46. Nd4 Kf8 47. a6 e5 48. a7 exd4 49. a8Q+ Ke7 50. Qe4+ Kd6 51. Qxd4+ Ke6 52. Bd7+ Ke7 53. Qc5+ Kxd7 54. Qb6 h4 55. gxh4 Kc8 56. Qa7 Kd8 57. h5 Ke8 58. h6 Kf8 59. h7 Ke8 60. h8R# 1-0

[Event "GER-ch U10"]
[Site "Oberhof"]
[Date "2010.05.26"]
[Round "6"]
[White "Mueller, Sophie Elisabeth"]
[Black "Kirn, Niklas Johann"]
[Result "1/2-1/2"]
[WhiteElo "1102"]
[BlackElo "1188"]
[PlyCount "80"]
[EventDate "2010.05.22"]
[EventType "swiss"]
[EventRounds "11"]
[EventCountry "GER"]
[SourceTitle "CBM 136 Extra"]
[Source "ChessBase"]
[SourceDate "2010.07.02"]
[SourceVersion "2"]
[SourceVersionDate "2010.07.15"]
[SourceQuality "1"]

1. d4 Nf6 2. Nf3 d5 3. Bf4 c5 4. e3 e6 5. c4 Nc6 6. Nc3 Bd6 7. Ne5 Bxe5 8. dxe5 Ne4 9. cxd5 Nxc3 10. bxc3 Qxd5 11. c4 Qxd1+ 12. Rxd1 0-0 13. a3 b6 14. Bd3 Na5 15. Be4 Bb7 16. Bxb7 Nxb7 17. 0-0 Rad8 18. Bg5 Rxd1 19. Rxd1 h6 20. Be7 Re8 21. Rd7 Na5 22. Bd6 Nxc4 23. Rxa7 Nxd6 24. exd6 Rd8 25. d7 Kf8 26. Kf1 Ke7 27. Ra6 Rb8 28. Ra7 b5 29. Rc7 Kd8 30. Rxc5 Kxd7 31. Ke1 Kd6 32. Rc2 Rd8 33. Rd2+ Kc7 34. Rxd8 Kxd8 35. Kd2 Kd7 36. Kc3 Kc6 37. Kb4 Kb6 38. f4 f5 39. h4 h5 40. Kb3 Kc5 1/2-1/2

[Event "GER-ch U10"]
[Site "Oberhof"]
[Date "2010.05.24"]
[Round "3"]
[White "Kirn, Niklas Johann"]
[Black "Spitzl, Vinzent"]
[Result "1/2-1/2"]
[WhiteElo "1188"]
[BlackElo "1711"]
[PlyCount "48"]
[EventDate "2010.05.22"]
[EventType "swiss"]
[EventRounds "11"]
[EventCountry "GER"]
[SourceTitle "CBM 136 Extra"]
[Source "ChessBase"]
[SourceDate "2010.07.02"]
[SourceVersion "2"]
[SourceVersionDate "2010.07.15"]
[SourceQuality "1"]

1. e4 e5 2. Ne2 Nc6 3. f4 Bc5 4. fxe5 d5 5. Nbc3 d4 6. Nd5 Nxe5 7. b4 c6 8. bxc5 cxd5 9. exd5 d3 10. Bb2 Qxd5 11. Bxe5 Qxe5 12. cxd3 Qxc5 13. Qa4+ Kf8 14. Qd4 Qxd4 15. Nxd4 Bd7 16. Rc1 Rc8 17. Rxc8+ Bxc8 18. Nb5 Be6 19. a3 a6 20. Nd6 b5 21. Be2 Bd5 22. Ne4 Ne7 23. 0-0 g6 24. Rf6 a5 1/2-1/2